000 00536nam a22001817a 4500
999 _c184057
_d184057
005 20220112120146.0
010 _aENG-131080
020 _a978-93-52-838-646
_c525.00
035 _aEN-114612
037 _bDBAD
082 _a650
100 _aWason, V.
245 _aTextbook of Busienss Studies:
_cV. Wason
260 _aNew Delhi
_bS Chand School Books
_c2013
270 _bNew Delhi
_aA-27, 2nd Floor, Mohan Co-operative Industrial Estate
_e110044
300 _a664p.
_c23cm(pbk)
942 _2ddc
_cEN
_h650
_mWAS